000 00547nam a22001817a 4500
003 OSt
005 20251218100309.0
008 251218b |||||||| |||| 00| 0 eng d
020 _a9781032407050
040 _cn
082 _a712.0285 H26 2023
100 _aHarmon, Brendan
245 _aComputational Design for Landscape Architects /
_cBrendan Harmon
260 _bLondon ; New York. Routledge. 2023
300 _a224 p. 27 cm.
650 _aLandscape architecture — Computational design — Digital design methods
942 _2ddc
_cBK-EN
_n0
999 _c8405
_d8405